000 007750000a22002170004500
501 _arústico
001 18386
020 _a978-84-9784-281-5
041 0 _aSPA
082 0 4 _aG 418 V245d
100 1 _aVan Dijk, Teun A.
245 1 0 _aDiscurso y contexto : un enfoque sociocognitivo / Teun A. van Dijk ; traducido por Andrea Lizosain
260 _aBarcelona , España : Gedisa
300 _a350 páginas
505 0 0 _aPrefacio -- Agradecimientos -- Hacía una teoría del contexto -- Contexto y lenguaje -- Contexto y cognición -- Conclusiones -- Bibliografía
650 1 4 _aSOCIOLINGUISTICA \ ANALISIS DEL DISCURSO \ DISCURSOS
942 _cBK
999 _c44829
_d44829
336 _atexto
_btxt
_2rdacontent
337 _2rdamedia
_asin mediación
_bn
338 _2rdacarrier
_avolumen
_bnc